000 01484nam a2200265Ia 4500
999 _c34436
_d34436
001 178
003 GE_BSU
005 20210225133045.0
008 181216s2009||||ge |||||||||||||| ||geo||
020 _a9789941130441
040 _cGE_BSU
041 _ageo
080 _a911.3 + 574 + 572 ს–43
100 _aსეფერთელაძე, ზურაბ
_910191
245 _aფიზიკურ–გეოგრაფიული დარაიონება და ლანდშაფტურ–ეკოლოგიური პრობლემები =The physiographic zoning and landscape-ecological problems /
_cზურაბ სეფერთელაძე ; [რედ. ნ. ელიზბარაშვილი] ; ივანე ჯავახიშვილის სახ. თსუ.
264 _aთბილისი :
_bთბილისის უნივერსიტეტის გამომცემლობა,
_c2009.
300 _a228 გვ. ;
_b 20სმ.
653 _aეკოლოგია
653 _aლანდშაფტების დიფერენციაცია
653 _aფიზიკურ– გეოგრაფიული დარაიონება
653 _aლანდშაფტური ეკოლოგია
700 _aელიზბარაშვილი, ნ.
_eრედაქტორი
_92822
710 _aთსუ
_910232
942 _cBK
_2udc